000 00768nam a22002177a 4500
999 _c16335
_d16335
003 AR-CdUCM
008 190503b ||||| |||| 00| 0 spa d
040 _aMUNICIPALIDAD PROVINCIAL DEL CUSCO
_cBIBLIOTECA MUNICIPAL DEL CUSCO
041 _hfre
082 _a320 /
_bP85
100 _aPrélot, Marcel
_935719
245 _aLa ciencia política /
260 _aBuenos Aires :
_bUniversitaria de Buenos Aires,
_c1964.
300 _a108 páginas ;
_c20 cm.
440 _aCuadernos de EUDEBA ;
_n103
_935720
505 _aContenido: Las vicisitudes de la ciencia política -- Las ciencias políticas en nuestros días.
650 _aCiencia política
_91775
700 _aMoro Simpson, Thomas (traductor)
_935721
942 _2ddc
_cLIBROS
945 _aacv
_d2019-05-03